Sujata/ (Record no. 43832)

MARC details
000 -LEADER
fixed length control field 01246njm a22002657a 4500
005 - DATE AND TIME OF LATEST TRANSACTION
control field 20100904153018.0
006 - FIXED-LENGTH DATA ELEMENTS--ADDITIONAL MATERIAL CHARACTERISTICS--GENERAL INFORMATION
fixed length control field a|||||r|||||00| 0
007 - PHYSICAL DESCRIPTION FIXED FIELD--GENERAL INFORMATION
fixed length control field sd ammalaaahaa
008 - FIXED-LENGTH DATA ELEMENTS--GENERAL INFORMATION
fixed length control field 100901t xxu||||| |||| 00| 0 eng d
028 ## - PUBLISHER NUMBER
Publisher number N -52981
Source His Master 's Voice
035 ## - SYSTEM CONTROL NUMBER
System control number GR-584
040 ## - CATALOGING SOURCE
Original cataloging agency SED
Transcribing agency SED
100 ## - MAIN ENTRY--PERSONAL NAME
Personal name Boshle,Asha
9 (RLIN) 17816
245 ## - TITLE STATEMENT
Title Sujata/
Statement of responsibility, etc by Asha Boshle
Medium [Gramophone Recoding] :
246 ## - VARYING FORM OF TITLE
Title proper/short title काली घटा छायी(सुजाता ) ( आशा भोशले )Kali Ghta Chai (Sujata) ( Asha Boshle)
260 ## - PUBLICATION, DISTRIBUTION, ETC. (IMPRINT)
Place of publication, distribution, etc Dum Dum, India:
Name of publisher, distributor, etc His Master 's Voice
300 ## - PHYSICAL DESCRIPTION
Extent 1 sound Disc [GramaphoneRecording] :
Other physical details analog, 33 1/3 rpm ;
Dimensions 9.5 in (MP)
Type of unit Gramaphone Records
500 ## - GENERAL NOTE
General note Brief Record
505 ## - FORMATTED CONTENTS NOTE
Formatted contents note काली घटा छायी(सुजाता ) ( आशा भोशले )Kali Ghta Chai (Sujata) ( Asha Boshle) श्रिदे२ जलते हे जिस के (तलत महमूद ) Side2 Jalte he jis ke (talat Mahmood )
650 ## - SUBJECT ADDED ENTRY--TOPICAL TERM
Topical term or geographic name as entry element Motion Picture Music
General subdivision Excerpts
Geographic subdivision India
9 (RLIN) 17817
700 ## - ADDED ENTRY--PERSONAL NAME
9 (RLIN) 17836
Personal name Talat Mahmood
700 ## - ADDED ENTRY--PERSONAL NAME
Personal name S.D.Burman
9 (RLIN) 18407
942 ## - ADDED ENTRY ELEMENTS (KOHA)
Source of classification or shelving scheme Dewey Decimal Classification
Item type Gramaphone Records
Holdings
Withdrawn status Lost status Source of classification or shelving scheme Damaged status Not for loan Collection code Home library Current library Date acquired Source of acquisition Total Checkouts Barcode Date last seen Copy number Price effective from Koha item type
    Dewey Decimal Classification   Not For Loan Non-fiction Central Library Central Library 04/09/2010 SED/VEN   GR-584 04/09/2010 1 04/09/2010 Gramaphone Records

© Delhi Public Library
Hit Counter
free hit counter